000 00512nam a2200193Ia 4500
003 OSt
005 20220925231123.0
006 a|||||r|||| 00| 0
007 ta
008 220923b |||||||| |||| 00| 0 eng d
037 _cGeneral Book
040 _aRTL
_cRTL
_beng
041 _2eng
_aeng
245 0 _aFor God,country and Coca-Cola
_bThe unauthorized his
260 _aMacmillian
_bpublishing company London
_c1993
300 _a556p
_ccm.
942 _cGB
_2CC
999 _c587388
_d587388